000 02105cam a22003494i 4500
003 PE-LiUPU
005 20250731183417.0
008 150625s r 000 0 d
035 _a(Sirsi) a34670
040 _aPE-LiUPU
_bspa
_cPE-LiUPU
_erda
082 0 4 _a715.2
_bY75
_221
100 1 _aYoshio Naka, John,
_eautor.
245 1 0 _aTecnicas del bonsai /
_cJohn Yoshio Naka.
264 1 _aBarcelona :
_bOmega S.A.,
_c1986.
300 _a269 pag. :
_bilustraciones ;
_c24 cm.
336 _atext
_2rdacontent
337 _aunmediated
_2rdamedia
338 _avolume
_2rdacarrier
505 0 _aHerramientas y acessorios para el taller. - Otros utensilios para el taller. - Cuidados de herramientas y equipo. - Técnicas de bonsái. - Modelado paso a paso en el estilo clásico (CHOKKAN KIHONGATA). - Raíces defectuosas. - Raíces interesantes. - Tronco defectuoso. - Troncos interesantes. - Ápice defectuoso. - Ramas defectuosas. - Cómo cortar ramas y raíces. - Poda de brotes, ramas pequeñas y despuntado de yemas. - Corte de hojas y defoliación. - Recorte de aguja o follaje. - Cómo hacer JIN, SHARI y SABA-MIKI. - Cuidados de preservación del JIN o SHARI. - Alambre y alambrado. - Cómo y cuándo doblar las ramas. - Tratando una rama rota. - Notas antes y después del alambrado. - Desalambrado. - Selección del tiesto. - Cómo elegir el frente de una maceta redonda, cuadrada, hexagonal. - lo equilateral de otro tipo. - Preparando mezcla de suelos para bonsái. - Seleccionando la arena. - Cerniendo la arena. - Cuadro de mezcla de suelos.
526 _aP158
526 _aP146
526 _aP17
526 _aP12
526 _aP06
650 0 4 _aBonsai.
910 _a
942 _2ddc
_cBOOK
949 _a715.2 Y75
_wDEWEY
_c1
_i32747
_lCCODEBUL1
_mBUL
_p00.00
_r0
_sY
_tBOOK
_u2015-06-25
_xBIBLIOTECA
_zUNKNOWN
_0COMPRA
_o.STAFF. Colección General
596 _a1
999 _a715.2 Y75
_wDEWEY
_c42552
_i32747
_f2021-11-5
_g7
_lCCODEBUL1
_mBUL
_r0
_sY
_tBOOK
_u2015-6-25
_xBIBLIOTECA
_zUNKNOWN
_0COMPRA
_o.STAFF. Colección General
_d42552
980 _81
_gALBERTO SANCHEZ Responsable de Automatización